000 00643cam a2200241 4500
008 090401t1994 xxu||||| |||| 00| 0 eng d
020 _a0851423299
035 _a(Sirsi) u70549
041 _aeng
050 _a025.1
100 _aAbbott, C.
245 _aPerformance measurement in library and information services.
260 _aLondon
_bASLIB
_c1994
300 _a57p. ; 23cm.
350 _a10
650 _aLIBRARIES
650 _aPERFORMANCE MEASUREMENT
690 _aMANAGEMENT-BUSINESS MANAGEMENT-PROFESSIONAL PRACTICE
700 _aWebb, Sylvia P.
_xEditor
710 _aAslib
_9760
942 _n0
948 _c04/03/1997
999 _c95340
_d95340